| 000 | 00865nam a2200289Ia 4500 | ||
|---|---|---|---|
| 001 | Para_8256 | ||
| 003 | CHAP | ||
| 008 | 220125s9999 xx 000 0 und d | ||
| 010 | _a207168 | ||
| 040 | _cCHAP | ||
| 082 | _aPA-C 595.752 A6 | ||
| 100 |
_aPergande, Theodore _9172084 |
||
| 245 |
_aThe plum plant-louse : _b mysus mahaleb fonsc / _c by Theodore Pergande |
||
| 260 |
_aEUA : _b USDA |
||
| 300 | _a52-59 p. | ||
| 440 |
_aAphidae; 7 _9171884 |
||
| 500 | _aEncuadernado con otros impresos similares | ||
| 650 |
_a _x Afididos _x Colecciones de escritos _x Cereza _x plagas _x Myzus mahaleb _9173660 |
||
| 710 |
_aEUA. Depto. of agriculture, Bull.; _9173661 |
||
| 901 | _aPA-C 595.752 A6 | ||
| 902 | _aA | ||
| 905 | _a000000 0000000000 00 | ||
| 910 | _a | ||
| 942 | _cPARA | ||
| 942 |
_cPARA _d1 |
||
| 999 |
_c207168 _d207168 |
||